Risk management in supply chains: (Record no. 707064)

MARC details
000 -LEADER
fixed length control field 00586nam a22001817a 4500
020 ## - INTERNATIONAL STANDARD BOOK NUMBER
ISBN 9781032089447
082 ## - DEWEY DECIMAL CLASSIFICATION NUMBER
Classification number 658562Su HEY/R
100 ## - MAIN ENTRY--AUTHOR NAME
Personal name Heydari, Mohammad
245 ## - TITLE STATEMENT
Title Risk management in supply chains:
Sub Title using linear and non linear models/
Statement of responsibility, etc Mohammad Heydari, Kin Keung Lai, Zhou Xiaohu
260 ## - PUBLICATION, DISTRIBUTION, ETC. (IMPRINT)
Place of publication Oxon:
Name of publisher Routledge,
Year of publication 2020.
300 ## - PHYSICAL DESCRIPTION
Number of Pages xiv, 250p.
490 ## - SERIES STATEMENT
Series statement Routledge Advances in risk management
650 ## - SUBJECT ADDED ENTRY--TOPICAL TERM
Topical Term Supply chain management
700 ## - ADDED ENTRY--PERSONAL NAME
Personal name Keung Lai, Kin
700 ## - ADDED ENTRY--PERSONAL NAME
Personal name Xiaohu, Zhou
942 ## - ADDED ENTRY ELEMENTS (KOHA)
Koha item type Book
Source of classification or shelving scheme Dewey Decimal Classification
Holdings
Withdrawn status Lost status Damaged status Not for loan Home Library Current Location Shelving location Date acquired Cost, normal purchase price Full call number Accession Number Price effective from Koha item type
        Institute of Management Institute of Management Processing Center 24/11/2023 4195.00 658.7 HEY/R IMK17561 24/11/2023 Book